| 000 | 01902nam a2200373 a 4500 | ||
|---|---|---|---|
| 001 | ebr10479633 | ||
| 003 | CaPaEBR | ||
| 006 | m u | ||
| 007 | cr cn||||||||| | ||
| 008 | 110525s2011 enk sb 001 0 eng d | ||
| 010 | _z 2011281986 | ||
| 020 | _z0745330606 | ||
| 020 | _z9780745330594 (pbk.) | ||
| 020 | _z0745330592 (pbk.) | ||
| 020 | _z9780745330600 | ||
| 020 | _z9781849645782 (e-book) | ||
| 040 |
_aCaPaEBR _cCaPaEBR |
||
| 035 | _a(OCoLC)742575024 | ||
| 050 | 1 | 4 |
_aHX45 _b.M47 2011eb |
| 100 | 1 | _aMerrifield, Andy. | |
| 245 | 1 | 0 |
_aMagical Marxism _h[electronic resource] : _bsubversive politics and the imagination / _cAndy Merrifield. |
| 260 |
_aLondon ; _aNew York : _bPluto Press ; _aNew York : _bDistributed in the United States of America exclusively by Palgrave Macmillan, _c2011. |
||
| 300 | _axx, 220 p. | ||
| 490 | 1 | _aMarxism and culture | |
| 504 | _aIncludes bibliographical references and indexes. | ||
| 505 | 0 | _aThe circulation of revolt : real and fictitious Marxism -- Living an illusion : beyond the reality of realism -- Subscribing to the imaginary party : notes on a politics of neo-communism -- Spontaneous overflow of powerful feeling : activism and immateriality -- Militant optimism and the great escape from capitalism -- Macondo of the mind : imagination seizes power -- Butterflies, owls, and little gold fishes : conjuring up revolutionary magic. | |
| 533 |
_aElectronic reproduction. _bPalo Alto, Calif. : _cebrary, _d2013. _nAvailable via World Wide Web. _nAccess may be limited to ebrary affiliated libraries. |
||
| 650 | 0 |
_aCommunism _xHistory _y21st century. |
|
| 650 | 0 | _aCommunism and society. | |
| 655 | 7 |
_aElectronic books. _2local |
|
| 710 | 2 | _aebrary, Inc. | |
| 830 | 0 | _aMarxism and culture. | |
| 856 | 4 | 0 |
_uhttp://site.ebrary.com/lib/rucke/Doc?id=10479633 _zAn electronic book accessible through the World Wide Web; click to view |
| 999 |
_c219415 _d219415 |
||